Sports Quiz

Random Sports or Famous Quiz

There's No Kissing in Sports! Quiz Stats

 Plays Quiz Updated Dec 19, 2012

Also try: Movie Kisses
Challenge
Share
Tweet
Score 0/20 Timer 05:00
0 Plays Today
Kissers % Correct
Shaquille O'Neal & Larry O'Brien Trophy
93.4%
Andre Agassi & Steffi Graf
84.9%
Drew & Brittany Brees
84.3%
Magic Johnson & Isiah Thomas
81.6%
Roger Federer & U.S. Open Trophy
80.3%
Phil & Amy Mickelson
64.9%
Joe Montana & Theresa Montana
63.4%
Rickey Henderson & Jar o' Cash
61.5%
Alex Rodriguez & Natasha Rodriguez
61%
Sidney Crosby & Stanley Cup
56.5%
Kissers % Correct
Lou Piniella & Marge Schott
49.8%
Joe Namath & Donna Mills
47%
Jimmy Connors & Chris Evert
39.5%
Phil Rizzuto, Yogi Berra & Hank Bauer
38.3%
Mary Lou Retton & Goose Gossage
37.4%
George Brett & Home Plate
37%
Will Ferrell & John C. Reilly
33%
Tom Seaver & Johnny Bench
28.3%
Ken Stabler & Gene Upshaw
26.9%
Vinny, Al & Josie Testaverde
12.3%

You're not logged in!

Compare scores with friends on all Sporcle quizzes.
OR
Log In

You Might Also Like...

Show Comments

Extras

Top Quizzes Today


Score Distribution

Your Account Isn't Verified!

In order to create a playlist on Sporcle, you need to verify the email address you used during registration. Go to your Sporcle Settings to finish the process.

Report this User

Report this user for behavior that violates our Community Guidelines.

Details: